First Names of Italy Players Since 2000 - Statistics

General Stats
  • This quiz has been taken 150 times
  • The average score is 188 of 275
Answer Stats
% Correct
2016 Gianluigi Donnarumma 70
96%
1997 Gianluigi Buffon 176
96%
2020 Luca Pellegrini 1
94%
2010 Luca Antonelli 13
94%
2004 Luca Toni 47 16
94%
2024 Marco Brescianini 2
94%
2013 Marco Sau 1
94%
2012 Marco Verratti 55 3
94%
2011 Marco Parolo 36
94%
2010 Marco Motta 1
94%
2008 Marco Borriello 7
94%
2005 Marco Amelia 9
94%
2005 Marco Cassetti 5
94%
2003 Marco Marchionni 6
94%
2001 Marco Materazzi 41 2
94%
2001 Marco Di Vaio 14 2
94%
1998 Marco Delvecchio 22 4
94%
2011 Dani Osvaldo 14 4
93%
2024 Andrea Cambiaso 13 2
92%
2022 Andrea Pinamonti 1
92%
2017 Andrea Conti 1
92%
2017 Andrea Petagna 1
92%
2016 Andrea Belotti 44 12
92%
2014 Andrea Bertolacci 5
92%
2012 Andrea Poli 5 1
92%
2010 Andrea Ranocchia 21
92%
2010 Andrea Cossu 2
92%
2007 Andrea Dossena 10
92%
2004 Andrea Barzagli 73
92%
2004 Andrea Caracciolo 2
92%
2002 Andrea Pirlo 116 13
92%
2024 Daniel Maldini 2
92%
2022 Fabio Miretti 1
92%
2012 Fabio Borini 1
92%
2007 Fabio Quagliarella 28 8
92%
2003 Fabio Grosso 48 4
92%
2003 Fabio Bazzani 3
92%
2001 Fabio Liverani 3
92%
1997 Fabio Cannavaro 136 2
92%
2010 Mario Balotelli 36 14
91%
2023 Alessandro Buongiorno 9
90%
2020 Alessandro Bastoni 33 2
90%
2012 Alessandro Florenzi 49 2
90%
2011 Alessandro Matri 7 1
90%
2010 Alessandro Diamanti 17 1
90%
2007 Alessandro Gamberini 8
90%
2007 Alessandro Rosina 1
90%
2004 Alessandro Parisi 1
90%
2002 Alessandro Birindelli 6
90%
2001 Alessandro Pierini 1
90%
1996 Alessandro Nesta 78
90%
1995 Alessandro Del Piero 91 27
90%
2005 David Di Michele 6
90%
2022 Federico Dimarco 28 3
90%
2022 Federico Gatti 5
90%
2018 Federico Chiesa 51 7
90%
2016 Federico Bernardeschi 39 6
90%
2012 Federico Peluso 3 1
90%
2010 Federico Balzaretti 16
90%
2009 Federico Marchetti 11
90%
2020 Francesco Caputo 2 1
90%
2014 Francesco Acerbi 34 1
90%
2000 Francesco Coco 17
90%
1998 Francesco Totti 58 9
90%
1995 Francesco Toldo 28
90%
1999 Paolo Vanoli 2 1
90%
1994 Paolo Negro 8
90%
1988 Paolo Maldini 126 7
90%
2009 Antonio Candreva 54 7
89%
2007 Antonio Nocerino 15
89%
2005 Antonio Langella 3
89%
2003 Antonio Cassano 39 10
89%
2002 Antonio Di Natale 42 11
89%
1994 Antonio Conte 20 2
89%
2014 Ciro Immobile 57 17
89%
1987 Ciro Ferrara 49
89%
2022 Davide Frattesi 25 8
88%
2020 Davide Calabria 7
88%
2016 Davide Zappacosta 13
88%
2011 Davide Astori 14 1
88%
2009 Davide Santon 8
88%
2009 Davide Biondini 2
88%
2024 Nicolò Rovella 2
87%
2022 Nicolò Fagioli 7
87%
2019 Nicolò Zaniolo 19 2
87%
2018 Nicolò Barella 59 10
87%
2017 Roberto Gagliardini 7
87%
2014 Roberto Soriano 9
87%
2005 Roberto Baronio 1
87%
1988 Roberto Baggio 56 27
87%
2011 Thiago Motta 30 1
87%
2018 Daniele Baselli 1
86%
2016 Daniele Rugani 7
86%
2011 Daniele Gastaldello 1
86%
2009 Daniele Galloppa 2
86%
2004 Daniele De Rossi 117 21
86%
2001 Daniele Bonera 16
86%
2000 Daniele Adani 5
86%
2019 Leonardo Pavoletti 1 1
86%
2017 Leonardo Spinazzola 24
86%
2010 Leonardo Bonucci 121 8
86%
2022 Matteo Cancellieri 1
86%
2020 Matteo Pessina 16 5
86%
2018 Matteo Politano 12 3
86%
2014 Matteo Darmian 46 2
86%
2002 Matteo Ferrari 11
86%
2002 Matteo Brighi 4
86%
2018 Moise Kean 19 5
86%
2022 Simone Pafundi 1
86%
2017 Simone Verdi 4
86%
2014 Simone Zaza 18 2
86%
2008 Simone Pepe 23
86%
2004 Simone Barone 15 1
86%
2002 Simone Perrotta 48 2
86%
2000 Simone Inzaghi 3
86%
2024 Lorenzo Lucca 1
85%
2017 Lorenzo Pellegrini 36 6
85%
2012 Lorenzo Insigne 54 10
85%
2010 Lorenzo De Silvestri 6
85%
2022 Giorgio Scalvini 8
83%
2004 Giorgio Chiellini 117 8
83%
2019 Sandro Tonali 21 1
83%
2022 Gianluca Caprari 1
82%
2021 Gianluca Scamacca 20 1
82%
2019 Gianluca Mancini 14
82%
1999 Gianluca Zambrotta 100 2
82%
1996 Gianluca Pessotto 22 1
82%
2020 Manuel Locatelli 30 3
81%
2018 Manuel Lazzari 3
81%
2006 Manuel Pasqual 11
81%
2024 Riccardo Calafiori 8
80%
2019 Riccardo Orsolini 7 2
80%
2007 Riccardo Montolivo 66 2
80%
2008 Christian Maggio 34
79%
2006 Christian Terlizzi 1
79%
2000 Christian Abbiati 4
79%
1997 Christian Vieri 49 23
79%
1994 Christian Panucci 57 4
79%
2006 Gennaro Delvecchio 1
78%
2000 Gennaro Gattuso 73 1
78%
2009 Claudio Marchisio 55 5
77%
1997 Filippo Inzaghi 57 25
77%
2012 Stephan El Shaarawy 32 7
76%
2022 Mattia Zaccagni 9 1
73%
2018 Mattia Caldara 2
73%
2014 Mattia Perin 2
73%
2013 Mattia De Sciglio 40
73%
2012 Mattia Destro 8 1
73%
2009 Mattia Cassani 11
73%
2006 Alberto Aquilani 38 5
71%
2004 Alberto Gilardino 57 19
71%
2019 Alex Meret 3
71%
2018 Domenico Berardi 27 8
70%
2009 Domenico Criscito 26
70%
2023 Mateo Retegui 18 6
70%
2022 Salvatore Esposito 1
70%
2010 Salvatore Sirigu 28
70%
2009 Salvatore Bocchetti 5
70%
2018 Patrick Cutrone 1
69%
2011 Sebastian Giovinco 23 1
69%
2019 Giovanni Di Lorenzo 44 5
68%
2022 Alessio Zerbin 1
66%
2020 Alessio Cragno 2
66%
2016 Alessio Romagnoli 13 2
66%
2013 Alessio Cerci 14
66%
1995 Alessio Tacchinardi 13
66%
2010 Cristian Molinaro 2
66%
2010 Cristian Ledesma 1
66%
2006 Cristian Brocchi 1
66%
2004 Cristian Zaccardo 17 1
66%
2001 Cristian Zenoni 2
66%
2018 Stefano Sensi 9 3
66%
2016 Stefano Sturaro 4
66%
2014 Stefano Okaka 5 1
66%
2004 Stefano Mauri 11
66%
2004 Stefano Bettarini 1
66%
2000 Stefano Fiore 38 2
66%
2014 Graziano Pellè 20 9
65%
2018 Vincenzo Grifo 9 4
65%
2005 Vincenzo Iaquinta 40 6
65%
1999 Vincenzo Montella 20 3
65%
2006 Massimo Gobbi 1
64%
2002 Massimo Oddo 34 1
64%
2002 Massimo Marazzina 3
64%
2002 Massimo Maccarone 2
64%
1999 Massimo Ambrosini 35
64%
2023 Destiny Udogie 9
63%
2017 Bryan Cristante 43 2
62%
2021 Giacomo Raspadori 36 7
62%
2013 Giacomo Bonaventura 18 1
62%
2004 Mauro Esposito 6
60%
2003 Mauro Camoranesi 55 4
60%
2015 Nicola Sansone 3
60%
2002 Nicola Legrottaglie 16 1
60%
2011 Angelo Ogbonna 13
59%
2006 Angelo Palombo 22
59%
1995 Angelo Di Livio 40
59%
1995 Angelo Peruzzi 31
59%
2021 Rafael Tolói 14
58%
2018 Cristiano Biraghi 16 1
54%
2018 Cristiano Piccini 3
54%
2005 Cristiano Lucarelli 6 3
54%
2001 Cristiano Zanetti 17 1
54%
2001 Cristiano Doni 7 1
54%
2009 Giuseppe Mascara 1
53%
2008 Giuseppe Rossi 30 7
53%
1999 Giuseppe Pancaro 19
53%
1994 Giuseppe Favalli 8
53%
2018 Emerson Palmieri 29
52%
1996 Enrico Chiesa 17 7
51%
2015 Franco Vázquez 2
50%
2006 Franco Semioli 3
50%
2005 Franco Brienza 2
50%
2022 Wilfried Gnonto 13 1
50%
2017 Danilo D'Ambrosio 6
49%
1998 Luigi Di Biagio 31 2
49%
1998 Luigi Sartor 2
49%
2005 Morgan De Sanctis 6
49%
2024 Guglielmo Vicario 4
45%
2011 Ignazio Abate 22 1
45%
2018 Kevin Lasagna 7
45%
2022 Tommaso Pobega 3
45%
2006 Tommaso Rocchi 3
45%
2024 Michael Folorunsho 2
43%
2019 Pierluigi Gollini 1
43%
2022 João Pedro 1
42%
2020 Pietro Pellegri 1
42%
2012 Manolo Gabbiadini 13 2
41%
2022 Luiz Felipe 1
40%
2024 Raoul Bellanova 4
40%
2012 Diego Fabbrini 1
39%
1993 Diego Fuser 25 3
39%
2012 Emanuele Giaccherini 29 4
37%
2022 Samuele Ricci 6
37%
2024 Niccolò Pisilli 1
35%
2018 Rolando Mandragora 1
34%
1998 Eusebio Di Francesco 12 1
33%
2019 Armando Izzo 3
32%
1991 Demetrio Albertini 79 3
31%
2019 Gaetano Castrovilli 4
31%
2009 Gaetano D'Agostino 5
31%
2003 Fabrizio Miccoli 10 2
30%
2014 Gabriel Paletta 3
30%
2004 Manuele Blasi 8
30%
1998 Mark Iuliano 19 1
30%
2009 Giampaolo Pazzini 25 4
29%
2009 Sergio Pellissier 1 1
28%
2004 Sergio Volpi 2
28%
2014 Emiliano Moretti 2
26%
2010 Emiliano Viviano 6
26%
2006 Emiliano Bonazzoli 1
26%
2007 Raffaele Palladino 3
25%
1999 Tomas Locatelli 2
25%
2005 Flavio Roma 3
24%
2012 Ezequiel Schelotto 1
23%
2002 Carlo Nervo 6
22%
2015 Mirko Valdifiori 1
22%
2022 Pasquale Mazzocchi 1
22%
2007 Pasquale Foggia 3 1
22%
2003 Ivan Pelizzoli 2
18%
2001 Luciano Zauri 5
18%
2007 Max Tonetto 1
17%
2000 Damiano Zenoni 1
16%
1998 Damiano Tommasi 25 2
16%
2005 Dario Dainelli 1
16%
2021 Gian Marco Ferrari 1 1
14%
2005 Giandomenico Mesto 3
13%
2003 Bernardo Corradi 13 2
12%
2004 Aimo Diana 13 1
10%
2005 Giampiero Pinzi 1
10%
2002 Antonino Asta 1
9%
2006 Giulio Falcone 1
8%
2000 Valerio Bertotto 4
8%
2003 Marcello Castellini 1
6%
2005 Carmine Coppola 2
4%
No matching quizzes found
Score Distribution
Percent of People with Each Score
Percentile by Number Answered
Your Score History
You have not taken this quiz